打開一扇門

資料類型: Book 圖書   書目號:34845

Leader xxxxxxxxxx
001 __ 84128949
005 __ 19950721195447.0
008 __                                    chi  
010 0_ |a957-8906-37-4|b平裝|dNT﹩160
020 __ |acw|b83012449
050 __ |a83012449
100 __ |a19941222g1995        0chib0109    e.
101 0_ |achi.
102 __ |acw.
105 __ |aa   z   000yy.
200 1_ |a打開一扇門|e|f金聖華著.
205 __ |a初版.
210 __ |a臺北市|c月房子|d1995[民84]
215 0_ |a185面|c|d21公分.
225 1_ |a月房子文庫|v2.
260 1_ |a1995.
300 __ |a
681 __ |a855|b8014.
700 _1 |a|b聖華.|4
702 __ |a|b|4
801 _0 |acw|bPTL|c19950705.
詳細館藏(共 1 筆)
索 書 號登 錄 號冊次號館別 / 館藏地流通類型狀態加入預約清單電子資源
855 / 8746 2014590  圖書館 / 一樓普通區 可外借30天 在館   

| 條列資料




目錄查詢 分類查詢 個人資料 圖書薦購 新書查詢 閉館日 排行榜 更多電子資源 Hami書城 線上資料庫 登出

From : 216.73.216.116

  本日流通累計至 17:21:00 借閱 : 9 次 續借 : 0 次 歸還 : 10 次 預約 : 0 次 電子資源 : 0 次


內湖高中圖書館  PCLIS 版本  25.5.0.2